00668nam a2200229 a 4500001001300000003000900013005001700022008004100039020001000080082001700090100002400107245004300131260005900174300000800233500003500241650001100276700002400287902000800311942000700319952009700326999001500423nice12345678IN_TiNIC20260116011750.0070914s1964 gena grp 000 0 eng  ac10000a297.4bKHA13 aKhan, Hazrat Inayat aThe Sufi Message and the Sufi Movement aGenevabInternational Head Quarters of Sufi Movec1964 a47p aincludes index and biblioraphy aSufism1 aKhan, Hazrat Inayat bSRS cBK 00104070aHMIbHMId2007-09-14g100.00l0o297.4 KHA13p08694r2007-09-14w2026-01-16yEB c3791d3791